| 000 | 00868cam a2200277 i 4500 | ||
|---|---|---|---|
| 999 |
_c6088 _d6088 |
||
| 001 | 1273306 | ||
| 003 | GZU | ||
| 005 | 20210415121434.0 | ||
| 008 | 751121s1976 mau b 001 0 eng | ||
| 010 | _a 75038184 | ||
| 020 |
_a0521211905 : _c$13.50 |
||
| 040 |
_aDLC _cDLC _dDLC |
||
| 043 | _af------ | ||
| 050 | 0 | 0 |
_aPL8010 _b.S64 |
| 082 | 0 | 0 | _a896 |
| 100 | 1 | _aSoyinka, Wole. | |
| 245 | 1 | 0 |
_aMyth, literature, and the African world / _cWole Soyinka. |
| 260 |
_aCambridge ; _aNew York : _bCambridge University Press, _c1976. |
||
| 300 |
_axii, 168 p. ; _c21 cm. |
||
| 504 | _aIncludes bibliographical references and index. | ||
| 650 | 0 |
_aAfrican literature _xHistory and criticism. |
|
| 650 | 0 |
_aLiterature and society _zAfrica. |
|
| 651 | 0 |
_aAfrica _xCivilization. |
|
| 906 |
_a7 _bcbc _corignew _d1 _eocip _f19 _gy-gencatlg |
||
| 942 |
_2lcc _cBK _h8010 _iSON _kPL _m1976 |
||